000 00705nam a22001937a 4500
003 OSt
005 20240612140156.0
008 240612b ||||| |||| 00| 0 eng d
040 _cAIMIT LIBRARY
100 _aR Harshitha.
_e2116058
_9170245
245 _aAnalysis of the financial performance and the determinants of profitability of Indian it firms /
_cBy Harshitha R ; Guided by Vinay Krishna.
260 _c2023.
650 _aIntroduction to the study industry profile company profile and study
_9170246
650 _aData analysis and interpretation
_9170247
650 _aResearch methodology
_9170248
700 _aKrishna, Vinay.
_eGuide
_9170249
856 _3Microgenesis
942 _2ddc
_cPRO
999 _c231137
_d231137